000 00470nam a2200181Ia 4500
001 1045
005 20260306140603.0
008 260306t1986||||xx |||||||||||||| ||spa||
041 _aESP
082 _a180
_bH447
100 _aFraile, Guillermo
_eAUT
245 0 _aHistoria de la filosofía:
_bel cristianismo y la filosofía patrística. Primera escolástica
260 _c1986
300 _a
_c20 cm.
650 _aGEN
654 _aCHU
942 _cLIB
_dJUS
_fJUS
_2ddc
_n
999 _c1045
_d1045